| 000 | 00734nam a2200193 a 4500 | ||
|---|---|---|---|
| 005 | 20251023063911.0 | ||
| 008 | 991125s1976 mx 000 0 spa u | ||
| 035 | _aUPN01000000922 | ||
| 049 | _aSEP | ||
| 050 | 4 |
_aLC5309 U58 _bA3207-8 |
|
| 245 | 0 | 0 |
_aAdministración y legislación educativa : _bantología : 2o. curso para la licenciatura en educación pre-escolar y primaria. |
| 260 |
_aMéxico : _bSEP, _c1976. |
||
| 300 | _a387 p. | ||
| 520 | _a"7o. y 8o. semestres para la educación normal" | ||
| 520 | _a"Libros de texto gratuito para la licenciatura en educación pre-escolar y primaria y educación normal" | ||
| 650 | 4 |
_aAdministración educativa _9498 |
|
| 650 | 4 |
_aEducación _xLeyes y legislación _911341 |
|
| 905 | _aLibro | ||
| 999 |
_c922 _d922 |
||